Conocer a Dios
Guardat en:
| Autor principal: | |
|---|---|
| Format: | Llibre |
| Idioma: | espanyol |
| Publicat: |
Bangkok
Foundation of Islamic
2006
|
| Edició: | 5a. ed |
| Matèries: | |
| Etiquetes: |
Afegir etiqueta
Sense etiquetes, Sigues el primer a etiquetar aquest registre!
|
MARC
| LEADER | 00000nam a2200000 a 4500 | ||
|---|---|---|---|
| 001 | UCI3382 | ||
| 003 | CL-VaPUC | ||
| 008 | 071026e20060000th |||||||||||||||||spa|d | ||
| 020 | |a 9645817269 | ||
| 082 | 0 | 4 | |a 211 |b MUS |2 21 |
| 100 | |a Musavi Lari, Sayyid Mujtaba |e autor |9 539982 | ||
| 245 | 1 | 0 | |a Conocer a Dios |
| 250 | |a 5a. ed | ||
| 300 | |a 46 p | ||
| 942 | |c BK | ||
| 945 | |d 20071026 00:00:00 |a jtorresc | ||
| 260 | |a Bangkok |b Foundation of Islamic |c 2006 | ||
| 600 | 0 | |a Dios |9 314467 | |
| 650 | 0 | |a Misticismo |9 265505 | |
| 650 | 0 | |a Teología |9 258766 | |
| 650 | 0 | |a Vida espiritual |9 307811 | |
| 583 | |a last modification |c 20171011 12:16:22 |k Rodrigo Vera | ||
| 999 | |c 327612 |d 327610 | ||
| 952 | |0 0 |1 2 |4 0 |6 211_000000000000000_MUS_2006 |7 0 |8 A |9 410668 |a BIBTEO |b BIBTEO |d 2019-11-22 |i 4382080 |o 211 MUS 2006 |p 4382080 |r 2019-11-22 |w 2019-11-22 |x Descarte 2019 |y BK |k ICR | ||
| 952 | |0 0 |1 0 |4 0 |6 211_000000000000000_MUS_2006 |7 0 |8 A |9 410669 |a BIBTEO |b BIBTEO |d 2019-11-22 |i 4382099 |o 211 MUS 2006 |p 4382099 |r 2025-01-17 |w 2019-11-22 |y BK |k ICR | ||
| 952 | |0 0 |1 0 |4 0 |6 211_000000000000000_MUS_2006 |7 0 |8 A |9 410670 |a BIBTEO |b BIBTEO |d 2019-11-22 |i 4382102 |o 211 MUS 2006 |p 4382102 |r 2025-01-17 |w 2019-11-22 |y BK |k ICR | ||
| 952 | |0 0 |1 0 |4 0 |6 211_000000000000000_MUS_2006 |7 0 |8 A |9 410671 |a BIBTEO |b BIBTEO |d 2019-11-22 |i 4382110 |o 211 MUS 2006 |p 4382110 |r 2025-01-17 |w 2019-11-22 |y BK |k ICR | ||
| 952 | |0 0 |1 0 |4 0 |6 211_000000000000000_MUS_2006 |7 0 |8 A |9 410672 |a BIBTEO |b BIBTEO |d 2019-11-22 |i 4382129 |o 211 MUS 2006 |p 4382129 |r 2025-01-17 |w 2019-11-22 |y BK |k ICR | ||
| 952 | |0 0 |1 0 |4 0 |6 211_000000000000000_MUS_2006 |7 0 |8 A |9 410673 |a BIBTEO |b BIBTEO |d 2019-11-22 |i 4382137 |o 211 MUS 2006 |p 4382137 |r 2025-01-17 |w 2019-11-22 |y BK |k ICR | ||
| 952 | |0 0 |1 0 |4 0 |6 211_000000000000000_MUS_2006 |7 0 |8 A |9 410674 |a BIBTEO |b BIBTEO |d 2019-11-22 |i 4382145 |o 211 MUS 2006 |p 4382145 |r 2025-01-17 |w 2019-11-22 |y BK |k ICR | ||
| 952 | |0 0 |1 0 |4 0 |6 211_000000000000000_MUS_2006 |7 0 |8 A |9 410675 |a BIBTEO |b BIBTEO |d 2019-11-22 |i 4382153 |o 211 MUS 2006 |p 4382153 |r 2025-01-17 |w 2019-11-22 |y BK |k ICR | ||
| 952 | |0 0 |1 0 |4 0 |6 211_000000000000000_MUS_2006 |7 0 |8 A |9 410676 |a BIBTEO |b BIBTEO |d 2019-11-22 |i 4382161 |o 211 MUS 2006 |p 4382161 |r 2025-01-17 |w 2019-11-22 |y BK |k ICR | ||
| 952 | |0 0 |1 0 |4 0 |6 211_000000000000000_MUS_2006 |7 0 |8 A |9 410677 |a BIBTEO |b BIBTEO |d 2019-11-22 |i 438217K |o 211 MUS 2006 |p 438217K |r 2025-01-17 |w 2019-11-22 |y BK |k ICR | ||
| 952 | |0 0 |1 0 |4 0 |6 211_000000000000000_MUS_2006 |7 0 |8 A |9 410678 |a BIBTEO |b BIBTEO |d 2019-11-22 |i 4382188 |o 211 MUS 2006 |p 4382188 |r 2025-01-17 |w 2019-11-22 |y BK |k ICR | ||
| 952 | |0 0 |1 0 |4 0 |6 211_000000000000000_MUS_2006 |7 0 |8 A |9 410679 |a BIBTEO |b BIBTEO |d 2019-11-22 |i 4382196 |o 211 MUS 2006 |p 4382196 |r 2025-01-17 |w 2019-11-22 |y BK |k ICR | ||